Which Terminal? London Heathrow Airport - Statistics

General Stats
  • This quiz has been taken 70 times
  • The average score is 10 of 15
Answer Stats
Question Answer % Correct
Lufthansa Terminal 2
94%
American Airlines Terminal 3
89%
Aer Lingus Terminal 2
83%
Virgin Atlantic Terminal 3
83%
Emirates Terminal 3
78%
Qantas Terminal 3
78%
Loganair Terminal 2
72%
SAS Scandanavian Airlines Terminal 2
72%
Qatar Airways Terminal 4
72%
Iberia Terminal 5
72%
KLM Royal Dutch Airlines Terminal 4
67%
China Southern Terminal 4
67%
Air France Terminal 4
56%
WestJet Terminal 2
28%
Etihad Airways Terminal 2
22%
No matching quizzes found
Score Distribution
Percent of People with Each Score
Percentile by Number Answered
Your Score History
You have not taken this quiz